| 000 | 00642nam a2200217Ia 4500 | ||
|---|---|---|---|
| 003 | OSt | ||
| 005 | 20230320152450.0 | ||
| 008 | 210423s2006 xx 000 0 und d | ||
| 020 | _a8131202828 | ||
| 040 | _cAL | ||
| 041 | _aeng | ||
| 082 |
_a541.369 _223 _bOTTJ |
||
| 100 |
_aOTT (J Bevan);BOERIO-GOATES (Juliana). _948560 |
||
| 245 | _aChemical thermodynamics: principles and apllications. | ||
| 260 |
_aNew Delhi _bAcademic Press _c2006 |
||
| 300 |
_axix,664 _bPB |
||
| 365 |
_b595 _cINR |
||
| 650 |
_aPhysical & Theoretical Chemistry _948561 |
||
| 906 | _aapllications. ; Chemical ; principles ; thermodynamics: | ||
| 942 |
_2ddc _cBK |
||
| 999 |
_c153741 _d153741 |
||